Представление документа в формате RUSMARC

ПолеНазваниеЗначение
  Тип записи a
  Библиографический уровень a
001 Контрольный номер RU/CBS_UL/BASE/ef31275fdaf04b6e91a2277ae1bf0374
005 Дата корректировки 20251226130545.2
100 Данные общей обработки __
a Данные общей обработки 20251226 ||| 0rusy0189 ca
101 Язык документа 0_
a Язык текста rus
102 Страна публикации __
a Страна публикации RU
200 Заглавие и сведения об ответственности 1_
a Заглавие История о вечной любви
e Сведения, относящиеся к заглавию [реальная история любви испанской аристократки Кончиты и российского дипломата Н. Резанова]
f Первые сведения об ответственности Г. Морозов
300 Общие примечания __
a Общие примечания 16+
461 Уровень набора _0
1 2000
a Наша история
463 Уровень физической единицы _0
1 2000
a № 11
v С. 20-21 : ил
1 2101
d 2025
1 001RU/CBS_UL/BASE/ceed9d5d8b1f46b39687ed5aa6dc49b9
600 Персоналии _1
a Персоналии (Фамилия) Резанов
b Персоналии (Имя, инициалы) Н. П
606 Тематические рубрики 0_
a Основная рубрика Резанов, Николай Петрович (1764-1807)
610 Ключевые слова 0_
a Ключевые слова дипломаты
610 Ключевые слова 0_
a Ключевые слова дипломаты Российской империи
610 Ключевые слова 0_
a Ключевые слова графы
610 Ключевые слова 0_
a Ключевые слова русские графы
610 Ключевые слова 0_
a Ключевые слова графы русские
610 Ключевые слова 0_
a Ключевые слова аристократы
610 Ключевые слова 0_
a Ключевые слова истории любви
610 Ключевые слова 0_
a Ключевые слова Юнона и Авось (рок-оперы)
686 Индексы других классификаций __
2 Код системы rubbk
a Классификационный индекс 63.3(2)51
700 Автор _1
a Фамилия Морозов
b Имя (инициалы) Г.
801 Источник записи _0
a Страна RU
b Организация МБУК ЦБС г. Ульяновска
c Дата составления 20251226
g Правила каталогизации RCR
801 Источник записи _1
a Страна RU
b Организация МБУК ЦБС г. Ульяновска
c Дата составления 20251226
g Правила каталогизации RCR
901 Тип документа __
t Тип документа b
w Контрольный № источника RU/CBS_UL/BASE/ceed9d5d8b1f46b39687ed5aa6dc49b9
909 Создатель записи __
a Создатель записи lib2